Statistics for World War Two A-Z

Click here to take the quiz!

General Stats

  • This quiz has been taken 1,076 times
  • The average score is 11 of 26

Answer Stats

Hint Answer % Correct
Site of first atom bomb explosionHiroshima
87%
HQ of US Pacific Navy, bombed Dec. 1941Pearl Harbor
71%
Spanish dictator, 1939-75Francisco Franco
69%
Stalingrad was on this riverVolga
68%
The Chinese city "raped" in 1937-8Nanking
66%
The last stepping stone to Japan, spring 1945Okinawa
65%
Crimean conferenceYalta
64%
French border defensives on German borderMaginot Line
61%
Pearl Harbor battleship memorialUSS Arizona
60%
Famous British fighter planeSpitfire
59%
Conflict between Finland and USSRWinter War
54%
Where Monty threw back RommelEl Alamein
47%
Turning point in the Solomon IslandsGuadalcanal
43%
Russian head general who captured BerlinGeorgi Zhukov
42%
Leader of the Nationalistic ChineseChiang Kai-Shek
42%
German "living space" to the eastLebensraum
37%
Norwegian leader who collaborated with HitlerVidkun Quisling
33%
First aid raid on Japan, early 1942Doolitte Raid
31%
Belgian city that 101st Airborne heldBastogne
27%
Where the ABDA fleet was smashed off IndonesiaJava Sea
27%
Capital of China's Shaanxi provinceXi'an
27%
Bloody atoll in the Gilbert IslandsTarawa
16%
Russian operation to surround Paulus's 6th ArmyUranus
11%
Overall leader of the IJNIsoroku Yamamoto
10%
Japanese foward base located in New BritainRabaul
9%
Manstein counterattacked here in Russia, 1943Kharkov
9%

Score Distribution

Percentile by Number Answered

Percent of People with Each Score

Your Score History

You have not taken this quiz